header

UML for real (Record no. 29398)

MARC details
000 -LEADER
fixed length control field 01282nam a22003254a 4500
082 04 - DEWEY DECIMAL CLASSIFICATION NUMBER
Classification number 004/.33
245 00 - TITLE STATEMENT
Title UML for real
260 ## - PUBLICATION, DISTRIBUTION, ETC. (IMPRINT)
Place of publication Boston :
Name of publisher Kluwer Academic Publishers,
Year of publication 2003.
300 ## - PHYSICAL DESCRIPTION
Number of Pages xiii, 370 p. :
Other physical details ill.
650 #0 - SUBJECT ADDED ENTRY--TOPICAL TERM
Topical Term Real-time data processing.
Topical Term Embedded computer systems
Topical Term UML (Computer science)
700 1# - ADDED ENTRY--PERSONAL NAME
Personal name Lavagno, Luciano,
Personal name Martin, Grant
Personal name Selic, Bran.
856 40 - ELECTRONIC LOCATION AND ACCESS
Uniform Resource Identifier http://site.ebrary.com/lib/rucke/Doc?id=10069615

No items available.

© 2026 Rongo University
Contact us: librarian | system librarian | Rongo university